000 00539nam a22001817a 4500
005 20180831142857.0
010 _aENG-123919
020 _c350.00
_a9788190966016
035 _aEN-107451
037 _bDBAD/PUB
082 _a483
245 _aThe dictionary of confusing words /
_ced. & complied. by Reema Tiwari
260 _c2011
_aDelhi
_bRainbow Publication
270 _a6/85, Karkari Road, Shahdara,
_bDelhi
_e110032
300 _c21cm.(Hb.)
_a240p.
700 _aTiwari, Reema
942 _cEN
_2ddc
_mDIC
_h483
999 _c156713
_d156713